Tourism market trends : Americas
Αποθηκεύτηκε σε:
| Συγγραφή απο Οργανισμό/Αρχή: | |
|---|---|
| Μορφή: | Βιβλίο |
| Γλώσσα: | English |
| Δημοσίευση: |
Madrid :
World Tourism Organization,
c2003
|
| Θέματα: | |
| Ετικέτες: |
Προσθήκη ετικέτας
Δεν υπάρχουν, Καταχωρήστε ετικέτα πρώτοι!
|
MARC
| LEADER | 00000cam a2200000 i 4500 | ||
|---|---|---|---|
| 001 | 1/58018 | ||
| 008 | 040623s2003 eng d | ||
| 020 | |a 92-844-0646-3 | ||
| 035 | |l 10073873 | ||
| 040 | |a GR-MY-UA |b gre |e aacr | ||
| 041 | 0 | |a eng | |
| 082 | 0 | |a 338.47917 | |
| 110 | 2 | |a World Tourism Organization. | |
| 245 | 1 | 0 | |a Tourism market trends : |b Americas / |c World Tourism Organization |
| 260 | |a Madrid : |b World Tourism Organization, |c c2003 | ||
| 300 | |a 302, 32 σ.; |b πίν., διαγρ.; |c 29 εκ. | ||
| 650 | 0 | 0 | |a Tourism |x Statistics |z America. |
| 852 | |a INST |b CHIOS |e 20040623 |h 338.47917 WOR |p 005200023041 |q 005200023041 |t BK |y 0 | ||
| 901 | |a BIBL2-2004-2 | ||
| 909 | |a Χ |b 111902 | ||
| 970 | |a ΧΑΖΙΡΗ |b ΑΝΝΑ |z 2004/06/23 | ||